Visualizzazione normale
Vista MARC
- Bartolone, Filippo,
di Personal Name
Records bibliografici associati: 1
001 - CONTROL NUMBER
- control field: 58369
003 - CONTROL NUMBER IDENTIFIER
- control field:
005 - DATE AND TIME OF LATEST TRANSACTION
- control field: 20200829181930.0
008 - FIXED-LENGTH DATA ELEMENTS
- fixed length control field: 200829|| aca||aabn | a|a d
040 ## - CATALOGING SOURCE
- Original cataloging agency:
- Transcribing agency:
100 ## - HEADING--PERSONAL NAME
- Personal name: Bartolone, Filippo,
- Dates associated with a name: 1919-1988.
- Title of a work: Origine dell'intellettualismo dalla crisi della libertà
670 ## - SOURCE DATA FOUND
- Source citation: Work cat.: ()0: Bartolone, Filippo, 1919-1988. 58364, Socrate :, 1999.